Social skills of children with special needs in a montessori inspired environment / (Record no. 285050)
[ view plain ]
| 000 -LEADER | |
|---|---|
| fixed length control field | 00586nam a2200145Ia 4500 |
| 008 - FIXED-LENGTH DATA ELEMENTS--GENERAL INFORMATION | |
| fixed length control field | 150609s9999 xx 000 0 und d |
| 050 ## - LIBRARY OF CONGRESS CALL NUMBER | |
| Classification number | LC 4704.5 |
| Item number | .Ar797 2015 |
| 100 ## - MAIN ENTRY--PERSONAL NAME | |
| Personal name | Arzadon, Nathaniel Luis U. |
| 245 ## - TITLE STATEMENT | |
| Title | Social skills of children with special needs in a montessori inspired environment / |
| Statement of responsibility, etc | Nathaniel Luis U. Arzadon. |
| 260 ## - PUBLICATION, DISTRIBUTION, ETC. (IMPRINT) | |
| Place of publication, distribution, etc | Las Piñas, Philippines : |
| Name of publisher, distributor, etc | SISC, |
| Date of publication, distribution, etc | 2015. |
| 300 ## - PHYSICAL DESCRIPTION | |
| Extent | 49 pages : |
| Other physical details | illustrations ; |
| Dimensions | 28 cm. |
| 500 ## - GENERAL NOTE | |
| General note | Includes bibliographical references and appendices. |
| 650 ## - SUBJECT ADDED ENTRY--TOPICAL TERM | |
| Topical term or geographic name as entry element | Learning disabled children |
| 650 ## - SUBJECT ADDED ENTRY--TOPICAL TERM | |
| Topical term or geographic name as entry element | Social skills in children |
| Withdrawn status | Lost status | Damaged status | Home library | Current library | Shelving location | Date acquired | Total Checkouts | Full call number | Barcode | Date last seen | Price effective from | Koha item type |
|---|---|---|---|---|---|---|---|---|---|---|---|---|
| College Library | College Library | 06/09/2015 | LC 4704.5 .Ar797 2015 | T0782 | 05/15/2018 | 06/09/2015 | Theses |